Statistics for Top 50 NHL player 2023-2024

Click here to take the quiz!

General Stats

  • This quiz has been taken 262 times
  • The average score is 37 of 50

Answer Stats

HintAnswer% Correct
PITCrosby
95%
EDMMcdavid
92%
TORMatthews
91%
VANHughes
90%
NJDHughes
90%
TBLKucherov
88%
VGKEichel
87%
TORMarner
87%
COLMackinnon
85%
NYRPanarin
85%
FLATkachuk
85%
COLMakar
84%
BOSMarchand
84%
WASOvechkin
84%
TBLStamkos
81%
TORNylander
80%
NYRFox
78%
PITMalkin
78%
BOSPastrnak
78%
TBLPoint
78%
DALRobertson
78%
VANPetterson
77%
EDMDraisaitl
76%
VANMiller
76%
TBLHedman
74%
NASJosi
74%
DETLarkin
73%
BUFThompson
72%
NYRZibanejad
72%
MINKaprizov
71%
COLRantanen
70%
VGKStone
70%
BUFDahlin
67%
NYRShesterkin
67%
BOSMcavoy
66%
MTLCaufield
65%
VANDemko
65%
DALOettinger
65%
FLABarkov
64%
PITGuentzel
64%
ARIKeller
64%
WPJConnor
63%
PITKarlsson
63%
OTTStutzle
58%
TBLVasilevskiy
58%
DALHeiskanen
57%
DETDebrincat
56%
NJDHamilton
55%
VGKTheodore
42%
OTTChychrun
30%

Score Distribution

Percentile by Number Answered

Percent of People with Each Score

Your Score History

You have not taken this quiz